| 000 | 00998nam0a22002771 4500 | ||
|---|---|---|---|
| 001 | rc\321322 | ||
| 005 | 20250621034554.0 | ||
| 010 |
_a5-217-00151-8 _915900 |
||
| 035 | _a(NLR Aleph) 005555699 | ||
| 090 |
_a5857841 _c5857841 |
||
| 100 | _a20030307d1989 |||y0rusy50 ca | ||
| 101 | 0 | _arus | |
| 102 | _aRU | ||
| 105 | _aa ||||||||| | ||
| 200 | 1 |
_aАтлас для проектирования систем автоматического регулирования _e[Учеб. пособие для втузов] |
|
| 210 |
_aМ. _cМашиностроение _d1989 |
||
| 215 |
_a751, [1] с. _cил. _d24 |
||
| 300 | _aЗагл. корешка: ... для проектирования САР | ||
| 320 | _aБиблиогр.: с. 743-744 (41 назв.) | ||
| 320 | _aПредм. указ.: с. 745-752 | ||
| 700 | 1 |
_aТопчеев _bЮ.И. _f1920- _gЮрий Иванович |
|
| 801 | 0 |
_aRU _bNLR _gpsbo |
|
| 801 | 1 |
_aRU _bELAR _2rusmarc |
|
| 852 |
_aNLR _j89-7/1479 |
||
| 942 | _cBOOK | ||
| 980 | _aNB | ||